000 00816nam a2200253Ia 4500
003 OSt
005 20220923223047.0
006 a|||||r|||| 00| 0
007 ta
008 220922b |||||||| |||| 00| 0 hin d
024 _a210,260
037 _cTextual
040 _aARTS
_cARTS
_bhin
041 _2hin
_ahin
082 _aO152,3N32x, M5
100 _aबाली, इन्दु
245 0 _aदूूसरी औरत होने का सुख
246 _aDūūsarī aurat hone kā sukha
260 _aदिल्ली
_b आत्माराम एंड सन्स
_c1985
300 _a111पृ.
_ccm.
650 _aहिन्दी साहित्य
_9156264
942 _hO152,3N32x, M5
_cTEXL
_2CC
999 _c360809
_d360809